| 000 | 00555nam a2200193Ia 4500 | ||
|---|---|---|---|
| 003 | PILC | ||
| 005 | 20160223100124.0 | ||
| 008 | 140429s9999 xx 000 0 und d | ||
| 020 | _a9780060670771 | ||
| 050 |
_aBR 100 _b.Sa3 1987 |
||
| 100 | _aSayers, Dorothy L. | ||
| 245 | 4 |
_aThe mind of the maker / _cDorothy L. Sayers. |
|
| 260 |
_aSan Francisco : _bHarper and Row, _c1987. |
||
| 300 |
_a229 pages ; _c21 cm. |
||
| 500 | _aIncludes bibliographical references. | ||
| 650 |
_aChristianity _xPhiliosophy. |
||
| 942 |
_kFOR _cBK _2lcc |
||
| 999 |
_c115740 _d115740 |
||